000 00729nam a2200253Ia 4500
003 OSt
005 20220928131150.0
006 a|||||r|||| 00| 0
007 ta
008 220927b |||||||| |||| 00| 0 hin d
020 _cINR 300.00
024 _a136082
037 _b439, 20/09/2017, Vidyanidhi Prakashan
_cTextual
040 _aSDCL
_cSDCL
_bhin
041 _2hin
_ahin
082 _aR6, Q6
100 _aMishra P. K.
245 0 _aSarvdarshansangrah evam shankardarshan
260 _aDelhi
_bParimal Publication
_c2016
300 _axxiv,166p.
_ccm.
650 _aSanskrit
_9391587
942 _hR6, Q6
_cTEXL
_2CC
999 _c789754
_d789754